Countries with raccoon dogs - Statistics

General Stats
  • This quiz has been taken 11 times
  • The average score is 29 of 34
Answer Stats
Answer % Correct
China
100%
France
100%
Germany
100%
Japan
100%
North Korea
100%
Russia
100%
South Korea
100%
Estonia
90%
Hungary
90%
Kazakhstan
90%
Latvia
90%
Lithuania
90%
Moldova
90%
Poland
90%
Romania
90%
Slovenia
90%
Uzbekistan
90%
Austria
80%
Belarus
80%
Bosnia and Herzegovina
80%
Bulgaria
80%
Czech Republic
80%
Denmark
80%
Finland
80%
Norway
80%
Serbia
80%
Slovakia
80%
Sweden
80%
Switzerland
80%
Ukraine
80%
Netherlands
70%
Belgium
60%
Macedonia
50%
Vietnam
50%
No matching quizzes found
Score Distribution
Percent of People with Each Score
Percentile by Number Answered
Your Score History
You have not taken this quiz